| 000 | 00409nam a2200169Ia 4500 | ||
|---|---|---|---|
| 003 | GCL | ||
| 008 | 140319s9999 xx 000 0 eng d | ||
| 040 |
_aGCL / _cGCL |
||
| 082 | 0 | 4 |
_a581.18 _bB L |
| 245 | 1 | 0 | _aLIFE MOVEMENTS IN PLANTS |
| 260 |
_a[S.N] : _bANIMAL PUBLICATIONS ، _c1989 |
||
| 300 | _a251\P | ||
| 650 | 0 | 4 | _aPLANT |
| 650 | 0 | 4 | _aGROWTH PLANTS |
| 650 | 0 | 4 | _aPLANT - MOVEMENTS |
| 942 |
_2ddc _cBK |
||
| 999 |
_c20164 _d20164 |
||